[Event "EM for hold 2023"]
[Site "Budva"]
[Date "2023.11.17"]
[Round "6.3"]
[White "Lazov, Toni"]
[Black "Thybo, Jesper Sondergaard"]
[Result "1/2-1/2"]
[WhiteElo "2377"]
[BlackElo "2522"]
[WhiteFideId "15000770"]
[BlackFideId "1438832"]
[EventDate "2023.11.11"]
[EventType "team-swiss"]
[EventRounds "9"]
[EventCountry "MNE"]
[SourceTitle "Live from Chess24"]
[WhiteTeam "North Macedonia"]
[BlackTeam "Denmark"]
[WhiteTeamCountry "MKD"]
[BlackTeamCountry "DEN"]

1. e4  c5  2. Nf3  Nc6  3. Bb5  g6  4. O-O  Bg7
 5. Re1  e5  6. b4  Nxb4  7. Bb2  Qc7  8.
d4  a6  9. Bf1  cxd4  10. c3  Nc6  11. cxd4 
exd4  12. e5  Nge7  13. Ba3
 O-O  14. Nbd2  Qd8  15. Bd6  Nf5  16. Bxf8 
Kxf8  17. Nb3  d6  18. Nbxd4
 Ncxd4  19. Nxd4  Bxe5  20. Nxf5  Bxf5  21. Rc1  b5  22. Qd2  Be6  23.
g3  Kg7  24. Bg2  Rc8  25. Bd5  Qf6  26. Rxc8 
Bxc8  27. Rc1  Qd8  28. Qe3
 Bh3  29. Qa7  Qf6  30. Rc7  Be6  31. Bxe6 
Qxe6  32. Qxa6  Bd4  33. Qxb5
 Qxa2  34. Qf1  h5  35. Rc1  Qd2  36. Re1 
h4  37. Qe2  Qc3  38. Kg2  Bf6  39. Qe3  Qc6+  40.
Qe4  d5  41. Qf3  hxg3  42. fxg3  Qd6  43. Rd1 
d4  44. Rd3  Qe6  45. Rb3  Qa6  46. h4  Qe6  47.
Kh2  Qd6  48. Kh3  Qd7+  49. Qg4  Qd5  50. Qf3 
Qd7+  51. g4  Qe6  52. Rb7  Qe1  53. h5  Qh4+  54.
Kg2  gxh5  55. gxh5  Qg5+  56. Qg3  Kh6  57. Qxg5+  1/2-1/2

[Event "EM for hold 2023"]
[Site "Budva"]
[Date "2023.11.17"]
[Round "6.4"]
[White "Ochsner, Bjorn Moller"]
[Black "Veljanoski, Andrej"]
[Result "1/2-1/2"]
[WhiteElo "2534"]
[BlackElo "2289"]
[WhiteFideId "1416928"]
[BlackFideId "15003604"]
[EventDate "2023.11.11"]
[EventType "team-swiss"]
[EventRounds "9"]
[EventCountry "MNE"]
[SourceTitle "Live from Chess24"]
[WhiteTeam "Denmark"]
[BlackTeam "North Macedonia"]
[WhiteTeamCountry "DEN"]
[BlackTeamCountry "MKD"]

1. e4  e5  2. Nf3  Nc6  3. Bb5  a6  4. Ba4  Nf6
 5. O-O  Be7  6. Re1  b5  7. Bb3  d6  8. c3
 O-O  9. h3  Nb8 
10. d4  Nbd7  11. c4  Bb7  12. Nc3  c6  13. a3 
Qc7  14. Ba2  Rad8  15. Be3
 h6  16. Rc1  Qb8  17. Qc2  bxc4  18. dxe5  dxe5  19. Na4  c5  20.
Nd2  Bc6  21. Bxc4  Bxa4  22. Qxa4  Nb6  23. Qc2 
Nxc4  24. Nxc4  Nd7  25. Red1
 Bg5  26. Bxg5  hxg5  27. Rd5  Nf6  28. Rxc5 
Rd4  29. Nxe5  Rxe4  30. Nc6
 Qf4  31. Rf5  Qh4  32. Qc5  Rfe8  33. Re5 
R4xe5  34. Nxe5  Ne4  35. Qd4
 Nxf2  36. Qxh4  gxh4  37. Nf3  Nd3  38. Rc6 
Re2  39. b4  Ra2  40. Rxa6  Nxb4  41. Ra8+  Kh7 
42. Nxh4  Nc2  43. a4  Ne3  44. g4  Kh6  45. Nf3 
Rg2+  46. Kh1  Rf2  47. Rh8+
 Kg6  48. Ne5+  Kf6  49. Re8  Kg5  50. Nxf7+  Kf4  51. Nd6  Rf1+  52.
Kh2  Rf2+  53. Kg1  Rf1+  54. Kh2  Rf2+  1/2-1/2

[Event "EM for hold 2023"]
[Site "Budva"]
[Date "2023.11.18"]
[Round "7.1"]
[White "Bjerre, Jonas Buhl"]
[Black "Carlsen, Magnus"]
[Result "1/2-1/2"]
[WhiteElo "2633"]
[BlackElo "2829"]
[WhiteFideId "1444948"]
[BlackFideId "1503014"]
[EventDate "2023.11.11"]
[EventType "team-swiss"]
[EventRounds "9"]
[EventCountry "MNE"]
[SourceTitle "Live from Chess24"]
[WhiteTeam "Denmark"]
[BlackTeam "Norway"]
[WhiteTeamCountry "DEN"]
[BlackTeamCountry "NOR"]

1. e4  Nc6  2. Nf3  d6  3. d4  Nf6  4. Nc3  g6
 5. d5  Nb8  6. Be2  Bg7  7. O-O  O-O  8. h3
 c6  9. a4  a5 
10. Re1  Na6  11. Bf1  Nb4  12. Bg5  Bd7  13. Qd2 
Rc8  14. g3  cxd5  15. exd5
 Rc5  16. Be3  Rxc3  17. bxc3  Ne4  18. Qc1 
Nxc3  19. Bd4  Nbxd5  20. Bxg7
 Kxg7  21. Bc4  e6  22. Bxd5  exd5  23. Nd4  Qf6  24. Qe3  Rc8  25.
Ra3  Ne4  26. Rd1  Rc4  27. Ne2  Rxc2  28. Rxd5  Nc5  29. Nd4  Rb2  30.
Qe1  Bc6  31. Rf3  Bxd5  32. Rxf6  Kxf6  33. Nf5  Kxf5  34. g4+  Kf6  35.
Qc3+  Ke6  36. Qxb2  Bb3  37. Qe2+  Kd5  38. Qf3+  Ke6  39. g5  Kd7  40.
h4  Kc7  41. h5  gxh5  42. Qxh5  b5  43. axb5 
Kb6  44. Qe2  a4  45. Qe8  a3  46. Qc6+  Ka5  47.
Qa8+  Kb4  48. b6  a2  49. b7  Nxb7  50. Qxb7+  Kc3  51. Qa7  Kb2  52.
Qd4+  Kb1  53. Qe4+  Kb2  54. Qd4+  Kb1  55. Qe4+  Kb2  1/2-1/2

[Event "EM for hold 2023"]
[Site "Budva"]
[Date "2023.11.18"]
[Round "7.2"]
[White "Tari, Aryan"]
[Black "Andersen, Mads"]
[Result "1/2-1/2"]
[WhiteElo "2620"]
[BlackElo "2612"]
[WhiteFideId "1510045"]
[BlackFideId "1413864"]
[EventDate "2023.11.11"]
[EventType "team-swiss"]
[EventRounds "9"]
[EventCountry "MNE"]
[SourceTitle "Live from Chess24"]
[WhiteTeam "Norway"]
[BlackTeam "Denmark"]
[WhiteTeamCountry "NOR"]
[BlackTeamCountry "DEN"]

1. e4  e5  2. Nf3  Nc6  3. Bb5  a6  4. Ba4  Nf6
 5. O-O  Be7  6. d3  b5  7. Bb3  d6  8. Bd2
 Bg4  9. c3  Na5 
10. Bc2  c5  11. h3  Bh5  12. Re1  O-O  13. Bc1 
Qc7  14. Nbd2  Rad8  15. Qe2
 Rfe8  16. g4  Bg6  17. a4  c4  18. axb5 
axb5  19. dxc4  bxc4  20. Nh4
 d5  21. Nxg6  hxg6  22. exd5  Bc5  23. d6 
Bxd6  24. Ra4  Rc8  25. Ne4
 Nxe4  26. Bxe4  Bc5  27. Kg2  Bb6  28. Bg5 
Nb7  29. Rd1  Nd6  30. Bd5  Qd7  31. Qc2  Rc5  32.
Raa1  Qb5  33. Ba8  Rcc8  34. Rxd6  Rxa8  35. Rxa8  Rxa8  36. Qe4  Rb8  37.
Bh4  Bc7  38. Rc6  Qb7  39. Bg3  Qa8  40. Kf3 
f5  41. gxf5  gxf5  42. Qxc4+
 Kh8  43. Qh4+  Kg8  44. Qc4+  Kh8  45. Qh4+  1/2-1/2

[Event "EM for hold 2023"]
[Site "Budva"]
[Date "2023.11.18"]
[Round "7.3"]
[White "Thybo, Jesper Sondergaard"]
[Black "Amar, Elham"]
[Result "1/2-1/2"]
[WhiteElo "2522"]
[BlackElo "2584"]
[WhiteFideId "1438832"]
[BlackFideId "1533533"]
[EventDate "2023.11.11"]
[EventType "team-swiss"]
[EventRounds "9"]
[EventCountry "MNE"]
[SourceTitle "Live from Chess24"]
[WhiteTeam "Denmark"]
[BlackTeam "Norway"]
[WhiteTeamCountry "DEN"]
[BlackTeamCountry "NOR"]

1. d4  f5  2. g3  Nf6  3. Bg2  d6  4. Nf3  g6
 5. O-O  Bg7  6. c4  O-O  7. Nc3  Nc6  8. d5
 Ne5  9. Qb3  Nfd7  10. Be3  Nc5  11. Bxc5 
dxc5  12. Nxe5  Bxe5  13. f4
 Bg7  14. Rad1  Qd6  15. Kh1  Bd7  16. e4 
fxe4  17. Nxe4  Qb6  18. Rfe1
 h6  19. Nf2  Rae8  20. Nd3  g5  21. Ne5 
Bc8  22. Qxb6  axb6  23. Ng6
 Rf7  24. d6  cxd6  25. Rxd6  Rf6  26. Bd5+  Kh7  27. Rxf6  Bxf6 
28. Bf7  Rd8  29. Nxe7  Bg4
 30. Nd5  Kg7  31. Nxf6  Bf3+  32. Kg1  Kxf7 
33. Kf2  g4  34. Nd5  b5  35. Re7+  Kf8  36. Rh7 
Rd6  37. f5  Bxd5  38. cxd5
 Rxd5  39. Ke3  Rxf5  40. Rxh6  Re5+  41. Kd2  b4  42. Rh4  Rg5  43.
Rh7  b5  44. b3  Rf5  45. Rb7  Rf2+  46. Ke3 
Rxa2  47. Rxb5  Rxh2  48. Rxc5
 Rb2  49. Kf4  Rxb3  50. Kxg4  Ke7  51. Kf4 
Kd6  52. Rb5  Rb1  53. g4  b3  54. Kg5  b2  55.
Kg6  Rg1  56. Rxb2  Rxg4+  57. Kf5  Rd4  1/2-1/2

[Event "EM for hold 2023"]
[Site "Budva"]
[Date "2023.11.18"]
[Round "7.4"]
[White "Kaasen, Tor Fredrik"]
[Black "Rasmussen, Allan Stig"]
[Result "1-0"]
[WhiteElo "2471"]
[BlackElo "2507"]
[WhiteFideId "1516647"]
[BlackFideId "1406000"]
[EventDate "2023.11.11"]
[EventType "team-swiss"]
[EventRounds "9"]
[EventCountry "MNE"]
[SourceTitle "Live from Chess24"]
[WhiteTeam "Norway"]
[BlackTeam "Denmark"]
[WhiteTeamCountry "NOR"]
[BlackTeamCountry "DEN"]

1. Nf3  d5  2. g3  Nf6  3. Bg2  c5  4. O-O  Nc6
 5. d4  e6  6. c4  dxc4  7. dxc5  Qxd1  8.
Rxd1  Bxc5  9. Nbd2  c3  10. bxc3  Bd7  11. Nb3 
Be7  12. c4  O-O  13. Bb2  Rfd8  14. Nfd4  Rac8 
15. Nb5  b6  16. Nd6  Rc7  17. Nb5  Rcc8  18. Nd6 
Rc7  19. Ba3  Kf8  20. c5  Rb8  21. Nb5  Rcc8  22.
Rac1  a6  23. Nd6  Bxd6  24. Rxd6  b5  25. Rcd1 
Ke7  26. Nd4  Nd5  27. Nf5+
 exf5  28. Bxd5  f6  29. e4  b4  30. Bb2 
fxe4  31. Bxe4  Rc7  32. Re1
 Kf8  33. Red1  Be8  34. Bxh7  Rb5  35. Rc1 
Ne7  36. Bd4  f5  37. Re1  Bd7  38. Bxg7+  Kf7 
39. Bd4  1-0

[Event "EM for hold 2023"]
[Site "Budva"]
[Date "2023.11.19"]
[Round "8.1"]
[White "Bjerre, Jonas Buhl"]
[Black "Gretarsson, Hjorvar Steinn"]
[Result "0-1"]
[WhiteElo "2633"]
[BlackElo "2518"]
[WhiteFideId "1444948"]
[BlackFideId "2302241"]
[EventDate "2023.11.11"]
[EventType "team-swiss"]
[EventRounds "9"]
[EventCountry "MNE"]
[SourceTitle "Live from Chess24"]
[WhiteTeam "Denmark"]
[BlackTeam "Iceland"]
[WhiteTeamCountry "DEN"]
[BlackTeamCountry "ISL"]

1. e4  e5  2. Nf3  Nc6  3. Bb5  Nf6  4. d3  Bc5
 5. c3  d5  6. exd5  Qxd5  7. Bc4  Qd6  8.
Nbd2  Bf5  9. b4  Bb6  10. Ng5  O-O  11. Nde4 
Nxe4  12. dxe4  Qxd1+  13. Kxd1
 Bg4+  14. Kc2  h6  15. Nf3  Bxf2  16. Rf1 
Bb6  17. a4  a6  18. Nh4  Ne7  19. Ba3  Nc8  20.
a5  Nd6  21. Bb3  Be3  22. b5  Be6  23. b6  c5
 24. Rf3  Bxb3+  25. Kxb3  Bg5  26. Bxc5  Nxe4 
27. Bxf8  Rxf8  28. Nf5  g6
 29. Ng3  Nd2+  30. Kc2  Nxf3  31. gxf3  f5  32.
Re1  Bf6  33. Ne2  Kf7  34. c4  Rc8  35. Kb3 
Rc5  36. Nc1  Rxa5  37. Nd3
 e4  38. fxe4  Bd4  39. e5  g5  40. e6+ 
Ke7  41. h4  g4  42. Kb4  Bxb6  43. Nf4  Bc7  44.
Ng6+  Ke8  45. e7  g3  46. c5  g2  47. Nf8 
Ra2  48. Kb3  Re2  0-1

[Event "EM for hold 2023"]
[Site "Budva"]
[Date "2023.11.19"]
[Round "8.2"]
[White "Stefansson, Vignir Vatnar"]
[Black "Andersen, Mads"]
[Result "1/2-1/2"]
[WhiteElo "2483"]
[BlackElo "2612"]
[WhiteFideId "2308649"]
[BlackFideId "1413864"]
[EventDate "2023.11.11"]
[EventType "team-swiss"]
[EventRounds "9"]
[EventCountry "MNE"]
[SourceTitle "Live from Chess24"]
[WhiteTeam "Iceland"]
[BlackTeam "Denmark"]
[WhiteTeamCountry "ISL"]
[BlackTeamCountry "DEN"]

1. e4  e5  2. Nf3  Nc6  3. d4  exd4  4. Nxd4 
Nf6  5. Nxc6  bxc6  6. e5  Qe7  7. Qe2  Nd5  8. h4
 f6  9. c4  Ba6 
10. Rh3  Nb6  11. exf6  Qxe2+
 12. Bxe2  Bxc4  13. Re3+  Kd8  14. fxg7  Bxg7 
15. Nc3  Kc8  16. Na4  Bxe2
 17. Nxb6+  axb6  18. Rxe2  Bf6  19. g3  Rg8  20.
a3  c5  21. Bg5  Bxg5  22. hxg5  Rxg5  23. Re8+  Kb7  24. Re7  Rh5  25.
O-O-O  d5  26. g4  Rg5  27. f4  Rxg4  28. Rxd5 
Rxf4  29. Rxh7  Rg8  30. Rd2
 Rc4+  31. Kd1  Rg1+  32. Ke2  Rg2+  33. Kd1 
Rd4  34. Rxd4  cxd4  35. Kc1
 Kc6  36. a4  Kd6  37. Rh5  Re2  38. b3 
c5  39. Rg5  Re5  40. Rg6+  Re6  41. Rg5  Kc6  42.
Kc2  Kb7  43. Rg8  Re2+  44. Kc1  Rh2  45. Rf8 
Rg2  46. Rh8  Rf2  47. Rg8  Rh2  48. Rf8  b5  49.
axb5  Kb6  50. Rb8+  Kc7  51. Ra8  Kb6  52. Rb8+ 
Ka5  53. b6  Kb4  54. Rc8  Rh7  55. Rc7  Rh8  56.
b7  Rb8  57. Kc2  Kb5  58. Kd3  Kb6  59. Rg7 
Rxb7  60. Rxb7+  1/2-1/2

[Event "EM for hold 2023"]
[Site "Budva"]
[Date "2023.11.19"]
[Round "8.3"]
[White "Thybo, Jesper Sondergaard"]
[Black "Kjartansson, Gudmundur"]
[Result "1/2-1/2"]
[WhiteElo "2522"]
[BlackElo "2449"]
[WhiteFideId "1438832"]
[BlackFideId "2301318"]
[EventDate "2023.11.11"]
[EventType "team-swiss"]
[EventRounds "9"]
[EventCountry "MNE"]
[SourceTitle "Live from Chess24"]
[WhiteTeam "Denmark"]
[BlackTeam "Iceland"]
[WhiteTeamCountry "DEN"]
[BlackTeamCountry "ISL"]

1. Nf3  d5  2. g3  Nf6  3. Bg2  e6  4. O-O  Be7
 5. c4  O-O  6. d4  dxc4  7. Qc2  a6  8. a4
 Bd7  9. Qxc4  Bc6  10. Bg5  Nbd7  11. Nc3 
h6  12. Bxf6  Nxf6  13. a5  Qd6  14. Rfc1  Rab8 
15. e3  Rfd8  16. Na4  Nd7  17. Nc3  Nf6  18. Ne2 
Rbc8  19. Nf4  Be4  20. Nd3
 Qd5  21. Qxd5  Nxd5  22. Nc5  Bxc5  23. Rxc5  f6  24. Rac1  c6  25.
Ne1  Bxg2  26. Kxg2  Nc7  27. Kf1  g5  28. Ke2 
Kf7  29. Nd3  Nb5  30. h4  Nd6  31. g4  Ne4  32.
R5c2  Rh8  33. h5  Rhd8  34. f3  Nd6  35. Rf1 
Ke7  36. Rcc1  Rg8  37. Nc5
 e5  38. Rfd1  Rgd8  39. dxe5  fxe5  40. Rc3  Nb5  41. Rcd3  Rxd3 
42. Rxd3  Nd6  43. Rb3  Rc7
 44. Kd3  Ke8  45. Ne4  Nc8  46. Ng3  Nd6  47.
Nf5  e4+  48. fxe4  Nf7  49. Kd4  Rd7+  50. Kc5 
Kd8  51. Kb6  Kc8  52. Ka7  Ne5  53. Nxh6  b6+  54.
Kxa6  bxa5  55. Rc3  Kc7  56. Kxa5  Rh7  57. Nf5 
Nxg4  58. b4  Kb7  59. b5  cxb5  60. Nd6+  Ka7 
61. Nxb5+  Kb7  62. Nd6+  Ka7
 63. Rc5  Rxh5  64. Rc7+  Kb8  65. Kb6  Rh8  66.
Rb7+  Ka8  67. Rg7  Nxe3  68. Rxg5  Kb8  69. Kc6 
Nc2  70. Rb5+  Ka7  71. Rb7+
 Ka6  72. Rb2  Nd4+  73. Kc5  Ne6+  74. Kd5 
Nf4+  75. Kc6  Ka5  76. e5  Rh6  77. Rd2  Ne6  78.
Rb2  Ka4  79. Kd5  Nc7+  80. Kc4  Rh4+  81. Kc5 
Ne6+  82. Kc6  Rh6  83. Rb8
 Nf4  84. Re8  Kb4  85. Rf8  Nd3  86. Kd5 
Nxe5  87. Kxe5  Rh1  88. Ne4
 Kb3  89. Rb8+  Kc4  90. Rc8+  Kb4  91. Nc3 
Rh4  92. Kd5  Kb3  93. Ne4  Rh7  94. Rb8+  Kc2  95.
Kd4  Rd7+  96. Ke3  Rd3+  97. Ke2  Rh3  98. Nf2 
Rb3  99. Ra8  Kc3  100. Ke3
 Kc4+  101. Ke4  Rb7  102. Rc8+  Kb5  103. Nd3  Rh7  104. Kd4  Rd7+ 
105. Ke4  Rh7  106. Ne5  Rh1
 107. Nc6  Re1+  108. Kd5  Rd1+  109. Nd4+  Kb6 
110. Rc6+  Kb7  111. Rh6  Kc7
 112. Rh2  Rd3  113. Rh7+  Kb6  114. Rh6+  Kc7 
115. Rc6+  Kd7  116. Rd6+  Ke7
 117. Ra6  Rd1  118. Rh6  Rd3  119. Ke4  Rd1 
120. Nc6+  Kd7  121. Ne5+  Kc7
 122. Nf3  Rd6  123. Rh5  Rd1  124. Nd4  Re1+ 
125. Kd5  Rd1  126. Rh6  Rd3
 127. Kc5  Rc3+  128. Kb5  Rc1  129. Ne6+  Kd6 
130. Nc5+  Ke7  131. Rc6  Kf7
 132. Rc7+  Kg6  133. Rc6+  Kf7  134. Ne6  Rxc6 
135. Nd8+  Kf6  136. Nxc6 
1/2-1/2

[Event "EM for hold 2023"]
[Site "Budva"]
[Date "2023.11.19"]
[Round "8.4"]
[White "Heimisson, Hilmir Freyr"]
[Black "Ochsner, Bjorn Moller"]
[Result "1/2-1/2"]
[WhiteElo "2377"]
[BlackElo "2534"]
[WhiteFideId "2309998"]
[BlackFideId "1416928"]
[EventDate "2023.11.11"]
[EventType "team-swiss"]
[EventRounds "9"]
[EventCountry "MNE"]
[SourceTitle "Live from Chess24"]
[WhiteTeam "Iceland"]
[BlackTeam "Denmark"]
[WhiteTeamCountry "ISL"]
[BlackTeamCountry "DEN"]

1. d4  Nf6  2. c4  e6  3. Nc3  d5  4. Nf3  Bb4
 5. cxd5  exd5  6. Bg5  Nbd7  7. Qc2  c5  8.
dxc5  Qa5  9. Bd2  Qxc5  10. Rc1  O-O  11. e3 
Qe7  12. a3  Bc5  13. Be2  Rd8  14. O-O  a6  15.
Na4  Bd6  16. Ba5  Re8  17. Bc7  b5  18. Bxd6 
Qxd6  19. Nc5  Nb6  20. Rfd1
 Qe7  21. b3  Bg4  22. Qb2  Nbd7  23. Nxd7  Bxd7  24. Nd4  b4  25.
axb4  Qxb4  26. Bf3  Rec8  27. h3  a5  28. Rxc8+ 
Rxc8  29. Rc1  Rxc1+  30. Qxc1
 h5  31. Qd1  a4 
32. bxa4  Bxa4  33. Qa1  Kh7
 34. g3  Bd7  35. Kg2  Qd6  36. Ne2  Bf5  37.
Qd4  Be4  38. Bxe4+  Nxe4  39. Nf4  Nf6  40. Qd3+ 
g6  41. Qd4  Kg8  42. Kf3  g5  43. Nd3  Qe6  44.
Ke2  Ne4  45. Nc5  Nxc5  46. Qxc5  Qxh3  47. Qxd5  Qg4+  48. Kf1  h4  49.
gxh4  Qxh4  1/2-1/2

[Event "EM for hold 2023"]
[Site "Budva"]
[Date "2023.11.20"]
[Round "9.1"]
[White "Dragnev, Valentin"]
[Black "Andersen, Mads"]
[Result "0-1"]
[WhiteElo "2589"]
[BlackElo "2612"]
[WhiteFideId "1634852"]
[BlackFideId "1413864"]
[EventDate "2023.11.11"]
[EventType "team-swiss"]
[EventRounds "9"]
[EventCountry "MNE"]
[SourceTitle "Live from Chess24"]
[WhiteTeam "Austria"]
[BlackTeam "Denmark"]
[WhiteTeamCountry "AUT"]
[BlackTeamCountry "DEN"]

1. e4  e5  2. Nf3  Nc6  3. Bb5  a6  4. Ba4  Nf6
 5. O-O  Be7  6. Bxc6  dxc6  7. d3  Bd6  8.
Nbd2  Be6  9. d4  Nd7  10. dxe5  Nxe5  11. Nxe5  Bxe5  12. f4  Bd4+  13.
Kh1  f5  14. Qe2  O-O  15. Nf3  Bf6  16. e5 
Be7  17. Rd1  Qe8  18. Nd4  Qf7  19. Nxe6  Qxe6 
20. Be3  Rad8  21. b3  g6  22. h3  Rxd1+  23. Rxd1  Rd8  24. Rxd8+  Bxd8 
25. c4  Qd7  26. Kh2  Be7  27. Bf2  Kf7  28. Qe1 
Ke6  29. Bh4  Bc5  30. b4  Bf8  31. Qc3  c5  32.
Qf3  c6  33. bxc5  Qd4  34. Bf2  Qxc4  35. a3 
a5  36. Qe3  a4  37. h4  Be7  38. g3  h5  39.
Kg1  Qd5  40. Qc1  Qd3  41. Kg2  Bd8  42. Qb2 
Qb3  43. Qc1  Ba5  44. Kh2  Bc3  45. Kh3  Bb2  0-1

[Event "EM for hold 2023"]
[Site "Budva"]
[Date "2023.11.20"]
[Round "9.2"]
[White "Thybo, Jesper Sondergaard"]
[Black "Ragger, Markus"]
[Result "1/2-1/2"]
[WhiteElo "2522"]
[BlackElo "2615"]
[WhiteFideId "1438832"]
[BlackFideId "1610856"]
[EventDate "2023.11.11"]
[EventType "team-swiss"]
[EventRounds "9"]
[EventCountry "MNE"]
[SourceTitle "Live from Chess24"]
[WhiteTeam "Denmark"]
[BlackTeam "Austria"]
[WhiteTeamCountry "DEN"]
[BlackTeamCountry "AUT"]

1. d4  Nf6  2. c4  g6  3. Nc3  d5  4. Nf3  Bg7
 5. Bg5  dxc4  6. e4  h6  7. Bxf6  exf6  8.
h3  O-O  9. Bxc4  f5  10. e5  c5  11. dxc5 
Qa5  12. Qd6  Nd7  13. O-O-O
 Nxc5  14. Nd4  Ne4  15. Nxe4  fxe4  16. Kb1  Qxe5  17. Qxg6  b5  18.
Bb3  Bb7  19. Qf5  Rad8  20. Qxe5  Bxe5  21. Nxb5  Kg7  22. Nc3  Bd4  23.
Rhf1  Ba6  24. Nxe4  Bxf1  25. Rxf1  Rfe8  26. f3 
f5  27. Ng3  Kf6  28. Bc2  Re5  29. f4  Rb5  30.
b3  Rc5  31. Rd1  Rcd5  32. Nh5+  Kf7  33. Ng3 
Be3  34. Rf1  Kf6  35. Nh5+
 Kf7  36. Ng3  Kf6  37. Nh5+  Kf7  1/2-1/2

[Event "EM for hold 2023"]
[Site "Budva"]
[Date "2023.11.20"]
[Round "9.3"]
[White "Horvath, Dominik"]
[Black "Ochsner, Bjorn Moller"]
[Result "1-0"]
[WhiteElo "2549"]
[BlackElo "2534"]
[WhiteFideId "1642561"]
[BlackFideId "1416928"]
[EventDate "2023.11.11"]
[EventType "team-swiss"]
[EventRounds "9"]
[EventCountry "MNE"]
[SourceTitle "Live from Chess24"]
[WhiteTeam "Austria"]
[BlackTeam "Denmark"]
[WhiteTeamCountry "AUT"]
[BlackTeamCountry "DEN"]

1. d4  Nf6  2. c4  e6  3. Nf3  d5  4. Nc3 
dxc4  5. e4  b5  6. Nxb5  Nxe4  7. Bxc4  Bb4+  8.
Kf1  O-O  9. Bd3  Nf6  10. Bg5  Be7  11. Bxf6 
gxf6  12. h4  Ba6  13. Rh3  c6  14. Rg3+  Kh8  15.
Bxh7  Bxb5+  16. Kg1  f5  17. Bxf5  Bxh4  18. Nxh4  Qxh4  19. Rh3  Qxh3 
20. Bxh3  Rg8  21. Qh5+  Kg7
 22. Qe5+  Kf8  23. a4  Ba6  24. Bxe6  fxe6 
25. Qf6+  Ke8  26. Qxe6+  1-0

[Event "EM for hold 2023"]
[Site "Budva"]
[Date "2023.11.20"]
[Round "9.4"]
[White "Rasmussen, Allan Stig"]
[Black "Baidetskyi, Valentin"]
[Result "0-1"]
[WhiteElo "2507"]
[BlackElo "2478"]
[WhiteFideId "1406000"]
[BlackFideId "14142317"]
[EventDate "2023.11.11"]
[EventType "team-swiss"]
[EventRounds "9"]
[EventCountry "MNE"]
[SourceTitle "Live from Chess24"]
[WhiteTeam "Denmark"]
[BlackTeam "Austria"]
[WhiteTeamCountry "DEN"]
[BlackTeamCountry "AUT"]

1. c4  d6  2. Nc3  e5  3. g3  f5  4. Nf3  Nf6
 5. d4  e4  6. Nh4  g6  7. Ng2  Be6  8. Qb3
 Qc8  9. f3  exf3  10. exf3  Bg7  11. Nf4 
Bf7  12. Ncd5  Nxd5  13. cxd5
 O-O  14. Be3  Nc6  15. Rd1  Re8  16. Kf2 
Ne7  17. Bc4  a6  18. a4  Rb8  19. Qd3  Qd7  20.
Bb3  Bh6  21. Ng2  Bg7  22. Nf4  b5  23. Qc2 
Rbc8  24. axb5  axb5  25. Qd3
 Bh6  26. Ng2  Bg7  27. Nf4  Bh6  28. Ng2 
Bxe3+  29. Nxe3  f4  30. gxf4
 Qh3  31. Rdg1  Qh4+  32. Rg3  Qxf4  33. Rg4 
Qf6  34. h4  Kh8  35. Rg5  c5  36. dxc6  Bxb3  37.
Qxb3  Nxc6  38. Qd3  Nb4  39. Qd2  Qf4  40. Qxb4 
Rxe3  41. Rh3  Rc2+  42. Kg1
 Ree2  0-1